<?xml version="1.0" encoding="UTF-8"?>
<record
    xmlns:xsi="http://www.w3.org/2001/XMLSchema-instance"
    xsi:schemaLocation="http://www.loc.gov/MARC21/slim http://www.loc.gov/standards/marcxml/schema/MARC21slim.xsd"
    xmlns="http://www.loc.gov/MARC21/slim">

  <leader>00447    a2200157   4500</leader>
  <controlfield tag="000">BKB                 </controlfield>
  <controlfield tag="001">136424</controlfield>
  <controlfield tag="005">20200902153029.0</controlfield>
  <controlfield tag="008">                                        </controlfield>
  <datafield tag="082" ind1=" " ind2=" ">
    <subfield code="a">515.352</subfield>
    <subfield code="b">G82O</subfield>
  </datafield>
  <datafield tag="100" ind1="1" ind2=" ">
    <subfield code="a">Green, Michael D.</subfield>
  </datafield>
  <datafield tag="245" ind1="1" ind2=" ">
    <subfield code="a">Ordinary differential equation</subfield>
    <subfield code="c">by Michael D. Green</subfield>
  </datafield>
  <datafield tag="260" ind1=" " ind2=" ">
    <subfield code="a">New Jersey</subfield>
    <subfield code="b">John Wiley and Sons</subfield>
    <subfield code="c">2012</subfield>
  </datafield>
  <datafield tag="300" ind1=" " ind2=" ">
    <subfield code="a">525p.</subfield>
  </datafield>
  <datafield tag="690" ind1=" " ind2=" ">
    <subfield code="a">Mathematics; Differential equations</subfield>
  </datafield>
  <datafield tag="999" ind1=" " ind2=" ">
    <subfield code="c">9632</subfield>
    <subfield code="d">9632</subfield>
  </datafield>
  <datafield tag="952" ind1=" " ind2=" ">
    <subfield code="0">0</subfield>
    <subfield code="1">0</subfield>
    <subfield code="4">0</subfield>
    <subfield code="7">0</subfield>
    <subfield code="a">CURAJ</subfield>
    <subfield code="b">CURAJ</subfield>
    <subfield code="d">2013-01-16</subfield>
    <subfield code="g">0.00</subfield>
    <subfield code="l">2</subfield>
    <subfield code="o">515.352 G82O</subfield>
    <subfield code="p">11619</subfield>
    <subfield code="r">2024-11-21</subfield>
    <subfield code="s">2024-09-30</subfield>
    <subfield code="w">2020-09-02</subfield>
    <subfield code="y">BK</subfield>
  </datafield>
</record>
